000 00392nam a22001697a 4500
005 20160628152443.0
008 160628b xxu||||| |||| 00| 0 eng d
020 _a978-87-849-0065-1
041 _aeng
082 _b10629
100 _aHubard, L. Ron
_93102
245 _aDynamics of Industrial Relations
260 _bNew Era
300 _a178
650 _aManagement
_9241
942 _cBK
999 _c4518
_d4517